Cuadernos de Pasado y Presente : Gramsci y las Ciencias Sociales (Alessandro Pizzarno, et al.).

שמור ב:
מידע ביבליוגרפי
פורמט: ספר
שפה:ספרדית
מהדורה:7a edición
נושאים:
תגים: הוספת תג
אין תגיות, היה/י הראשונ/ה לתייג את הרשומה!

MARC

LEADER 00000nam^a2200000^a^4500
001 000073727
005 20250521000000.0
009 20260310091638.847
020 |a 968-23-0304-4 
037 |a Acervo ITESO - Biblioteca 
041 |a ESP 
082 |a 320. 05  |b CUA V. 19 
245 1 0 |a Cuadernos de Pasado y Presente :  |b Gramsci y las Ciencias Sociales (Alessandro Pizzarno, et al.). 
250 |a 7a edición 
264 |a México :  |b Ediciones Pasado y Presente,  |c 1982 
300 |a 170 p. 
336 |a texto  |b txt  |2 rdacontenido 
337 |a sin mediación  |b n  |2 rdamedio 
338 |a volumen  |b nc  |2 rdasoporte 
649 |a XX 
650 |a Política -  |x Publicaciones Periódicas Mexicanas 
650 |a Marxismo -  |x Historia y Crítica 
910 |a Fondo Armando Suárez Gómez 
920 |a Impresos - Libros 
930 |a Fondos Especiales 
905 |a 111 
901 |a 0700004007  |b IT2  |c ESP  |u 20250521 
902 |a https://opac.biblio.iteso.mx/vufind/Record/000073727